000 00692nam a2200217Ia 4500
003 GCL
008 140319s9999 xx 000 0 ara d
040 _aGCL /
_cGCL
082 0 4 _a822.03
_bا ا
100 1 _aاوستن , جين
245 1 0 _aاما (هدية من الاديب عبدالفتاح الجمل) /
_cاوستن , جين
700 1 _aمحمد سامى عاشور (مراجعة)
700 1 _aصالح زكى
300 _a621 ص
490 _a
650 0 4 _aالقصص الانجليزية
650 0 4 _aالادب الانجليزى
650 0 4 _aالادب الانجليزى المترجم
650 0 4 _aالادب العالمى المترجم
942 _2ddc
_cBK
999 _c39828
_d39828